"Гергард и Гей" - акционерное общество. О торговых делах. Приложен черновик ответа Звегинцова А. И.

Доступно только в Электронных читальных залах Найти на картеНа карте
RUSMARC
00004443nac2a22002893x 450
0019a133416-333b-45e0-88cb-d84c02454664
00520211210141216.0
100##$a20211120l19111911k y0rusy50 ca
1010#$arus
102##$aRU
105##$ay z |||||
1222#$ad19110303
$ad19110324
2001#$a"Гергард и Гей" - акционерное общество. О торговых делах. Приложен черновик ответа Звегинцова А. И.
$j03 марта 1911 - 24 марта 1911
215##$a4 листа
251##$cДело
300##$aЗаголовок дела на папке: Письма акционерного общества "Гергард и Гей" - Звегинцеву Ал. Ив. (О торговых делах. Приложена копия ответа Звегинцева Ал. Ив.)
300##$aМашинописный текст
324##$aВ деле имеются копии отдельных документов
330##$aВходит в раздел описи: 1. Письма к А. И. Звегинцову. 3/ Письма имущественно-хозяйственного характера
461#0$1001fc48e33c-c630-4015-85dd-2f2aab656f45
$12001
$aЗвегинцев Александр Иванович, помещик Воронежской губернии, депутат III Государственной думы, член партии "Союз 17 октября"
$1251
$cФонд
$1852
$j932
462#0$1001ddcf82e7-7bd9-4c5e-b7f1-85df8b3febb3
$12001
$aДела постоянного хранения. 1899-1913 гг.
$vД. 482
$1251
$cОпись
$1852
$j1
5171#$aПисьма акционерного общества "Гергард и Гей" - Звегинцеву Ал. Ив. (О торговых делах. Приложена копия ответа Звегинцева Ал. Ив.)
600#1$aЗвегинцев
$bА. И.
$gАлександр Иванович
60102$3RU\NLR\AUTH\889955243
$a"Гергард и Гей", акц. о-во
$cПетербург
801#0$aRU
$bGA_RF
801#1$aRU
$bГлавНИВЦ
$c20211120
$2rusmarc
801#2$aRU
$bПБ им. Б.Н. Ельцина
$c20211210
$gRCR
$2rusmarc
852##$aГА РФ
$j482
937##$d171427014
$hГАРФ
035##$aRuPRLIB51062724
856##$uhttp://readingroom.main.prlib.ru/item.aspx?id_node=n171427014&mode=full
Формат отображения